LEADER 01198nam a2200253 4500 001 000000358982 003 CaOOAMICUS 005 20240719095019.0 008 240719s2020 it 000 u ita r 020 $a978-88-343-4153-7 040 $aSeMil$bita 100 1 $aDel Pizzo, Francesco,$d<1976- >.$0(OLS)http://semarc/name/87940 245 10$aGiovani del Sud :$blimiti e risorse delle nuove generazioni nel Mezzogiorno d'Italia /$cFrancesco Del Pizzo, Stefania Leone, Emiliano Sironi. 264 1$aMilano :$bVita e Pensiero,$c2020. 300 $aVIII, 124 p. ;$c22 cm 650 4$aItalia meridionale - Giovani.$0(OLS)http://semarc/subject/55927 700 1 $aSironi, Emiliano.$0(OLS)http://semarc/name/119995 700 1 $aLeone, Stefania.$0(OLS)http://semarc/name/119994 850 $aSeMil 852 $aSeMil$W1$xVenegono$y1$m3M II 391$j249449$B250046$CSeMilBibl$Z2$F250046 $81 996 $6020$a978-88-343-4153-7$9(OLS)http://semarc/number/300752 996 $6245$aGiovani del Sud :$blimiti e risorse delle nuove generazioni nel Mezzogiorno d'Italia$9(OLS)http://semarc/title/449397 996 $6264$aMilano :$bVita e Pensiero$9(OLS)http://semarc/publisher/29642 LEADER 01214nam a2200253 i 4500 001 000000177944 003 CaOOAMICUS 005 20090302000000.0 008 090302s2008 it u000 u ita u 013 $a155513 040 $aSeMil$bita 245 10$aEmmanuele, Dio è con noi :$bSant'Angelo in Vado, Chiesa di Santa Maria dei Servi, 8 dicembre 2008-18 gennaio 2009. 260 $a[S.l. :$bs.n.],$cstampa 2008$e(Urbino :$fArti Grafiche Editoriali,$gstampa 2008) 300 $a147 p. :$bill. ;$c21 cm. 490 0 $aI segni del tempo ;$vN.5 500 $aCatalogo della mostra. - Dono del Card. Dionigi Tettamanzi. 650 4$aSant'Angelo in Vado - Chiese - Santa Maria dei Servi - Esposizioni.$0(OLS)http://semarc/subject/33980 830 2$aI segni del tempo ;$vN.5.$0(OLS)http://semarc/title/11933 850 $aSeMil 852 $aSeMil$W1$xVenegono$y1$m5S XVI 43$j128740$B128740$CSeMilBibl$Z2$F139927 $81 941 1 $a5 961 $aOmaggio: Tettamanzi Card. Dionigi 996 $6245$aEmmanuele, Dio è con noi :$bSant'Angelo in Vado, Chiesa di Santa Maria dei Servi, 8 dicembre 2008-18 gennaio 2009$9(OLS)http://semarc/title/255564 996 $6260$a[S.l. :$bs.n.]$9(OLS)http://semarc/publisher/29751